Daňová strata ako súčasť opatrení v oblasti dane z príjmov počas obdobia mimoriadnej situácie

Zákon č. 96/2020 Z. z. a v ňom ustanovená špeciálna možnosť odpočítania daňových strát vzniknutých v rokoch 2015 až 2018 v daňovom priznaní roku 2019 podľa podmienok určených v tomto zákone a v paragrafe 30 zákona č. 595/2003 Z. z. o dani z príjmov. Praktické príklady.

Gespeichert in:
Bibliographische Detailangaben
1. Verfasser: Brnová, Miroslava
Format: Buchkapitel
Sprache:Slowakisch
Schlagworte:
Tags: Tag hinzufügen
Keine Tags, Fügen Sie das erste Tag hinzu!

MARC

LEADER 00000naa a2200000 4500
001 0265134
005 20200701144035.5
041 0 |a slo 
044 |a SK 
245 1 0 |a Daňová strata ako súčasť opatrení v oblasti dane z príjmov počas obdobia mimoriadnej situácie  |c Miroslava Brnová 
520 |a Zákon č. 96/2020 Z. z. a v ňom ustanovená špeciálna možnosť odpočítania daňových strát vzniknutých v rokoch 2015 až 2018 v daňovom priznaní roku 2019 podľa podmienok určených v tomto zákone a v paragrafe 30 zákona č. 595/2003 Z. z. o dani z príjmov. Praktické príklady. 
610 2 0 |a dane z príjmov 
610 2 0 |a strata daňová 
610 2 0 |a legislatíva 
610 2 0 |a priznania daňové 
100 1 |a Brnová, Miroslava